| 000 | 00546nam a2200181 i 4500 | ||
|---|---|---|---|
| 001 | 135089 | ||
| 003 | ES-MaACL | ||
| 005 | 20230906194813.0 | ||
| 007 | t| | ||
| 008 | 070709s1919 fr ||||1| fre d | ||
| 080 | _a53.03 | ||
| 100 | 1 |
_aTillieux, J. _9110269 |
|
| 245 | 1 | 0 |
_aLeçons élémentaires de physique expérimentale selon les théories modernes / _cJ. Tillieux. |
| 260 |
_aLouvain : _bImprimerie François Ceuterick, _c1919. |
||
| 300 |
_a390 p. ; _c24 cm. |
||
| 650 | 1 | 4 |
_aFísica- _xExperimentos. _912880 |
| 852 |
_aES-MaACL _jF-310 |
||
| 999 |
_c135089 _d135089 |
||